书目信息 |
| 题名: |
电能计量装置接线图集
|
|
| 作者: | ;国家电网公司生产运营部组 编 | |
| 分册: | ||
| 出版信息: | 北京 中国电力出版社 2004.6 |
|
| 页数: | 144页 | |
| 开本: | 15×21cm | |
| 丛书名: | ||
| 单 册: | ||
| 中图分类: | TM933.4-64 , TM933.4-44 | |
| 科图分类: | ||
| 主题词: | 电能--电量测量--导线连接--图集 , 电能 , 电量测量 , 导线连接 | |
| 电子资源: | ||
| ISBN: | 7-5083-1704-1 | |
| 000 | 00802nam0 2200253 45 | |
| 001 | 012004000000 | |
| 005 | 20041020103309.17 | |
| 010 | @a7-5083-1704-1@dCNY 30.00 | |
| 100 | @a20040917d2004 em y0chiy0121 ea | |
| 101 | 0 | @achi |
| 102 | @aCN@b110000 | |
| 105 | @aak z 000yy | |
| 200 | 1 | @a电能计量装置接线图集@Adian neng ji liang zhuang zhi jie xian tu ji@f国家电网公司生产运营部组编 |
| 210 | @a北京@c中国电力出版社@d2004.6 | |
| 215 | @a144页@c图, 表格@d15×21cm | |
| 606 | 0 | @a电能@x电量测量@x导线连接@j图集 |
| 606 | 0 | @a电能 |
| 606 | 0 | @a电量测量 |
| 606 | 0 | @a导线连接 |
| 690 | @aTM933.4-64@v4 | |
| 690 | @aTM933.4-44@v3 | |
| 711 | 02 | @a国家电网公司生产运营部组@Aguo jia dian wang gong si sheng chan yun ying bu zu@4编 |
| 801 | 0 | @aCN@bQSSKl@c20041020 |
| 905 | @a10447@dTM933.4-44@eG897 | |
| 电能计量装置接线图集/国家电网公司生产运营部组编.-北京:中国电力出版社,2004.6 |
| 144页:图, 表格;15×21cm |
| ISBN 7-5083-1704-1:CNY 30.00 |
| ● |
| 相关链接 |
|
|
|
正题名:电能计量装置接线图集
索取号:TM933.4-44/G897
 
预约/预借
| 序号 | 登录号 | 条形码 | 馆藏地/架位号 | 状态 | 备注 |
| 1 | 421590 | 204215900 | 自科库301/301自科库 22排3列4层/ [索取号:TM933.4-44/G897] | 在馆 | |
| 2 | 421591 | 204215919 | 自科库301/301自科库 22排3列4层/ [索取号:TM933.4-44/G897] | 在馆 |